[Event "Winnipeg op U1800"]
[Site "Winnipeg CAN"]
[Date "2025.01.04"]
[Round "3.21"]
[White "Remillard, John"]
[Black "Singh, Arshveer"]
[Result "1-0"]
[WhiteElo "1629"]
[BlackElo "1277"]
[WhiteFideId "-1"]
[WhiteFideId "-1"]
[PlyCount "67"]
[GameId "2140241293507973"]
[EventDate "2025.01.03"]
[EventType "swiss"]
[EventRounds "5"]
[EventCountry "CAN"]

1. Nf3 Nf6 2. c4 e6 3. e3 Bc5 4. d4 Bb4+ 5. Bd2 Bxd2+ 6. Nbxd2 O-O 7. Bd3 Nc6 8. a3 d5 9. Qc2 dxc4 10. Nxc4 h6 11. O-O-O Re8 12. Nfe5 Bd7 13. Nxd7 Qxd7 14. Ne5 Qd5 15. f3 Qd6 16. Bb5 Rf8 17. Bxc6 bxc6 18. Qxc6 Qd8 19. e4 Rb8 20. Rd2 Rb6 21. Qa4 Qa8 22. Rc2 Rfb8 23. Rd1 Qb7 24. Rdd2 Rb5 25. Nc6 Ra8 26. Qc4 Rh5 27. h3 a5 28. Ne5 Ne8 29. Qc6 Qa6 30. Rc4 f6 31. Nd3 Rb8 32. Qxa6 e5 33. dxe5 Rxe5 34. Nxe5 1-0

[Event "Winnipeg op U1800"]
[Site "Winnipeg CAN"]
[Date "2025.01.04"]
[Round "3.22"]
[White "Pacin, Ondrej"]
[Black "Holoborodko, Ihor"]
[Result "1/2-1/2"]
[WhiteElo "1230"]
[BlackElo "1208"]
[WhiteFideId "-1"]
[WhiteFideId "-1"]
[PlyCount "126"]
[GameId "2140241293507974"]
[EventDate "2025.01.03"]
[EventType "swiss"]
[EventRounds "5"]
[EventCountry "CAN"]

1. e4 g6 2. d4 Bg7 3. Nc3 c5 4. Be3 Qa5 5. Qd2 Nc6 6. Nf3 Qb4 7. Rb1 cxd4 8. Nd5 Qxd2+ 9. Bxd2 Rb8 10. Nc7+ Kd8 11. Nd5 e6 12. Nf4 Nge7 13. Nd3 e5 14. Ng5 Ke8 15. f4 f6 16. Nf3 d6 17. fxe5 dxe5 18. Nf2 Be6 19. a3 Kf7 20. Be2 a6 21. O-O b5 22. Nd3 Bc4 23. Nfxe5+ Nxe5 24. Nxe5+ Ke6 25. Nxc4 bxc4 26. Bxc4+ Kd7 27. Bxa6 Nc6 28. Be2 Ne5 29. Bf4 Ke6 30. Rfd1 Rhd8 31. Bxe5 Kxe5 32. Bd3 Bf8 33. Kh1 Rb6 34. Re1 Rdb8 35. b4 R6b7 36. Rbc1 Ra7 37. Ra1 Rba8 38. Reb1 Rxa3 39. Rxa3 Rxa3 40. b5 Bd6 41. b6 Bb8 42. g3 Kd6 43. Rb4 Kc5 44. Rc4+ Kxb6 45. Rxd4 Be5 46. Rb4+ Kc6 47. Rb1 h5 48. Bb5+ Kc5 49. Bd3 g5 50. Kg2 Kd4 51. Kf2 h4 52. gxh4 gxh4 53. h3 Bf4 54. Kf3 Bg5 55. Ke2 Ke5 56. Kf3 Ra5 57. Rb5+ Rxb5 58. Bxb5 Kd4 59. Bd3 Kc3 60. Kg4 Kd4 61. Kf3 Ke5 62. Kg4 Ke6 63. Kf3 Ke5 1/2-1/2

[Event "Winnipeg op U1800"]
[Site "Winnipeg CAN"]
[Date "2025.01.04"]
[Round "3.23"]
[White "Towns, Barry"]
[Black "Cobb, Kyle"]
[Result "1-0"]
[WhiteElo "1654"]
[BlackElo "1108"]
[WhiteFideId "-1"]
[WhiteFideId "-1"]
[PlyCount "51"]
[GameId "2140241293507975"]
[EventDate "2025.01.03"]
[EventType "swiss"]
[EventRounds "5"]
[EventCountry "CAN"]

1. e4 c5 2. Nf3 d6 3. d4 cxd4 4. Nxd4 g6 5. Bc4 Bg7 6. O-O Nd7 7. Nc3 e5 8. Ndb5 Kf8 9. Nxd6 Nb6 10. Bxf7 Ke7 11. Nxc8+ Rxc8 12. Bg5+ Nf6 13. Bd5 Rb8 14. Qf3 Re8 15. Rfd1 Qc8 16. Qg3 Nbd7 17. Bb3 Kf8 18. Qf3 Qc6 19. Ba4 b5 20. Bb3 Nb6 21. Nd5 Nbd7 22. Rd3 a5 23. Rc3 Qd6 24. Rd1 Qa6 25. Nc7 Qb7 26. Rxd7 1-0

[Event "Winnipeg op U1800"]
[Site "Winnipeg CAN"]
[Date "2025.01.04"]
[Round "3.24"]
[White "Hui, Zenas"]
[Black "Stewart, Michael"]
[Result "0-1"]
[WhiteElo "1190"]
[BlackElo "1480"]
[WhiteFideId "-1"]
[WhiteFideId "-1"]
[PlyCount "136"]
[GameId "2140241293507976"]
[EventDate "2025.01.03"]
[EventType "swiss"]
[EventRounds "5"]
[EventCountry "CAN"]

1. c4 e5 2. g3 b6 3. Bg2 Nc6 4. Nc3 Nf6 5. e3 Bb7 6. Nge2 Rb8 7. O-O Na5 8. Bh3 Nxc4 9. b3 Nd6 10. Bb2 Nc8 11. d4 Bd6 12. Nb5 exd4 13. Nxd6+ Nxd6 14. Qxd4 O-O 15. Nf4 Qe7 16. Rac1 c5 17. Qe5 Rfe8 18. Qxe7 Rxe7 19. Rcd1 Nde4 20. Rd3 Ba6 21. Nd5 Nxd5 22. Rxd5 Bxf1 23. Kxf1 Rd8 24. Bf5 Nf6 25. Rd6 Ne4 26. Rd5 d6 27. f3 Nf6 28. Rd3 Ne8 29. e4 g6 30. Bh3 f6 31. a4 Kf7 32. Kf2 Ng7 33. Bg4 h5 34. Bh3 Ne6 35. Bf1 h4 36. Rd2 Ree8 37. Bc4 Ke7 38. gxh4 Rh8 39. Kg3 Rh5 40. f4 Rdh8 41. Rf2 Rxh4 42. Kf3 Rh3+ 43. Ke2 Nd4+ 44. Bxd4 cxd4 45. b4 Re3+ 46. Kd2 Rhh3 47. b5 Rxe4 48. Bd3 Ree3 49. Bxg6 Ra3 50. Bf5 Rhc3 51. Bb1 Rxa4 52. Re2+ Kf7 53. Ke1 Rc1+ 54. Kf2 Rxb1 55. Kg3 Rxb5 56. h4 Rb3+ 57. Kg4 Raa3 58. Rh2 Rg3+ 59. Kf5 Ra5+ 60. Ke4 d3 61. h5 Ra4+ 62. Kd5 Rxf4 63. h6 Rg5+ 64. Kxd6 Rd4+ 65. Kc6 Rc5+ 66. Kb7 Rd7+ 67. Ka6 d2 68. h7 Ra5# 0-1

[Event "Winnipeg op U1800"]
[Site "Winnipeg CAN"]
[Date "2025.01.04"]
[Round "3.25"]
[White "Pacin, Aleksander"]
[Black "Iyer, Pia"]
[Result "1-0"]
[WhiteElo "1342"]
[BlackElo "1270"]
[WhiteFideId "-1"]
[WhiteFideId "-1"]
[PlyCount "83"]
[GameId "2140241293507977"]
[EventDate "2025.01.03"]
[EventType "swiss"]
[EventRounds "5"]
[EventCountry "CAN"]

1. e4 b6 2. Bc4 Bb7 3. d3 d6 4. Nf3 Nd7 5. Nc3 c5 6. O-O Ngf6 7. Bg5 e6 8. Re1 Be7 9. Bb5 O-O 10. Bxd7 Qxd7 11. e5 dxe5 12. Nxe5 Nd5 13. Nxd7 Bxg5 14. Nxf8 Rxf8 15. Nxd5 Bxd5 16. c4 Bc6 17. a3 Rd8 18. b4 e5 19. bxc5 bxc5 20. Rxe5 f6 21. Rxc5 Be8 22. Rc7 Bg6 23. d4 a5 24. Ra7 Bf7 25. d5 Rc8 26. Rxa5 Rxc4 27. Ra8+ Be8 28. Rxe8+ Kf7 29. Qe1 Rc8 30. Rxc8 Kg6 31. d6 f5 32. g3 f4 33. d7 Bf6 34. Qe6 Kg5 35. d8=Q Bxd8 36. Rxd8 Kh5 37. Rd5+ g5 38. Qe5 Kg4 39. Qxg5+ Kf3 40. Qxf4+ Ke2 41. Ra2+ Ke1 42. Qc1# 1-0

[Event "Winnipeg op U1800"]
[Site "Winnipeg CAN"]
[Date "2025.01.05"]
[Round "4.11"]
[White "Li, Yuchen"]
[Black "Minano, John"]
[Result "0-1"]
[WhiteElo "1729"]
[BlackElo "1633"]
[WhiteFideId "-1"]
[WhiteFideId "-1"]
[PlyCount "120"]
[GameId "2140241293532554"]
[EventDate "2025.01.03"]
[EventType "swiss"]
[EventRounds "5"]
[EventCountry "CAN"]

1. e4 Nf6 2. e5 Nd5 3. d4 e6 4. Nf3 Be7 5. c4 Nb6 6. Bd3 d5 7. c5 N6d7 8. Nc3 O-O 9. h4 f5 10. Ng5 Bxg5 11. hxg5 g6 12. Ne2 Rf7 13. Nf4 Nf8 14. Qf3 Nc6 15. Be3 Nb4 16. Bb1 b6 17. a3 Nc6 18. Ba2 Ne7 19. Rc1 Ba6 20. b4 bxc5 21. Rxc5 Bb7 22. Bb3 c6 23. Rc1 a5 24. Bd2 a4 25. Bd1 Nc8 26. g4 Nb6 27. Be2 Nc4 28. Qc3 Nxd2 29. Qxd2 Qxg5 30. Nd3 Qxd2+ 31. Kxd2 fxg4 32. Bxg4 h5 33. Bh3 g5 34. Nc5 Bc8 35. Ke3 g4 36. Bf1 Rf3+ 37. Ke2 Ng6 38. Ke1 Nf4 39. Ra1 Ra7 40. b5 cxb5 41. Bxb5 Ng2+ 42. Ke2 Raf7 43. Nd3 h4 44. Rac1 Rf8 45. Rc7 h3 46. Bd7 Bxd7 47. Rxd7 Nf4+ 48. Nxf4 R3xf4 49. Rh2 Rxd4 50. Re7 Re4+ 51. Kd3 Rf3+ 52. Kd2 Rxe5 53. Rh1 Rxf2+ 54. Kd3 h2 55. Kd4 Re4+ 56. Kc5 g3 57. Rb1 g2 58. Re8+ Rf8 59. Rbb8 g1=Q+ 60. Kd6 Qg3+ 0-1

[Event "Winnipeg op U1800"]
[Site "Winnipeg CAN"]
[Date "2025.01.05"]
[Round "4.12"]
[White "Ranario, MC Jones"]
[Black "Hui, Zelus"]
[Result "0-1"]
[WhiteElo "1616"]
[BlackElo "1662"]
[WhiteFideId "-1"]
[WhiteFideId "-1"]
[PlyCount "56"]
[GameId "2140241293532555"]
[EventDate "2025.01.03"]
[EventType "swiss"]
[EventRounds "5"]
[EventCountry "CAN"]

1. Nf3 e6 2. c4 f5 3. d4 Nf6 4. Bg5 Be7 5. Ne5 d6 6. Nf3 O-O 7. e3 Nbd7 8. Be2 e5 9. Nh4 Nb6 10. Qb3 Kh8 11. Nc3 f4 12. exf4 exf4 13. Rd1 Ng8 14. Bxe7 Qxe7 15. Nf3 Be6 16. O-O Nh6 17. d5 Bd7 18. Rfe1 Qf6 19. Ne4 Qg6 20. Bf1 Ba4 21. Nh4 Qh5 22. Qc3 Bxd1 23. Nf3 Bxf3 24. gxf3 Nd7 25. c5 Ne5 26. Be2 dxc5 27. d6 cxd6 28. Nxd6 Qg5+ 0-1

[Event "Winnipeg op U1800"]
[Site "Winnipeg CAN"]
[Date "2025.01.05"]
[Round "4.13"]
[White "Rosenstock, Samuel"]
[Black "Guzman, Sophia"]
[Result "1-0"]
[WhiteElo "1791"]
[BlackElo "1534"]
[WhiteFideId "-1"]
[WhiteFideId "-1"]
[PlyCount "109"]
[GameId "2140241293573516"]
[EventDate "2025.01.03"]
[EventType "swiss"]
[EventRounds "5"]
[EventCountry "CAN"]

1. e4 e5 2. Nf3 Nc6 3. Bb5 Bc5 4. c3 Nf6 5. O-O Nxe4 6. Qe2 Nf6 7. d4 Bb6 8. dxe5 Nd5 9. Bg5 Nde7 10. Nbd2 O-O 11. Nc4 h6 12. Bh4 Qe8 13. a4 a6 14. Nxb6 cxb6 15. Bc4 Nf5 16. Rfe1 d5 17. exd6 Qxe2 18. Rxe2 Nxd6 19. Ba2 Bg4 20. Bg3 Nf5 21. Bc7 Nh4 22. Bd5 b5 23. axb5 axb5 24. Ree1 Nxf3+ 25. gxf3 Bh3 26. f4 Ne7 27. Bxb7 Rxa1 28. Rxa1 Ng6 29. Re1 Nh4 30. Re5 Bc8 31. Rxb5 Re8 32. h3 Bxh3 33. Re5 Be6 34. c4 Re7 35. Rc5 Bg4 36. Bd5 Re1+ 37. Kh2 Re2 38. Kg3 h5 39. Kxh4 Rxb2 40. f3 Bd7 41. Kxh5 Rh2+ 42. Kg5 g6 43. Be5 Rh5+ 44. Kf6 Kh7 45. Kxf7 Rf5+ 46. Ke7 Ba4 47. Rc8 g5 48. Be4 gxf4 49. Bxf5+ Kh6 50. Bxf4+ Kg7 51. Rf8 Be8 52. Be5+ Kh6 53. f4 Bg6 54. Rh8+ Bh7 55. Rxh7# 1-0

[Event "Winnipeg op U1800"]
[Site "Winnipeg CAN"]
[Date "2025.01.05"]
[Round "4.14"]
[White "Remillard, John"]
[Black "Hansima, Charitha"]
[Result "1/2-1/2"]
[WhiteElo "1629"]
[BlackElo "1788"]
[WhiteFideId "-1"]
[WhiteFideId "-1"]
[PlyCount "109"]
[GameId "2140241293573517"]
[EventDate "2025.01.03"]
[EventType "swiss"]
[EventRounds "5"]
[EventCountry "CAN"]

1. Nf3 d5 2. e3 Bg4 3. Be2 c5 4. Ne5 Bxe2 5. Qxe2 Qc7 6. Qb5+ Nc6 7. Nxc6 Qxc6 8. Qxc6+ bxc6 9. O-O Nf6 10. Re1 g6 11. b3 Bg7 12. Bb2 O-O 13. d3 Rfe8 14. Nd2 Rab8 15. e4 Bh6 16. Rad1 Rbd8 17. exd5 Nxd5 18. a3 Bg7 19. Bxg7 Kxg7 20. Nc4 Nc3 21. Rd2 Nb5 22. f4 Nd4 23. Kf2 Kf6 24. g3 h5 25. a4 Rh8 26. Na5 Rb8 27. h3 Rb6 28. Re5 Ne6 29. Nc4 Rb7 30. Ke3 Rd8 31. Na5 Rb6 32. Nc4 Rb7 33. Na5 Rc7 34. c3 Rd5 35. Rxd5 cxd5 36. c4 d4+ 37. Ke4 Rd7 38. g4 hxg4 39. hxg4 g5 40. f5 Nd8 41. Rh2 Rd6 42. Rh6+ Kg7 43. Rxd6 exd6 44. Kd5 f6 45. Nc6 Nf7 46. Nxa7 Ne5 47. a5 Nxd3 48. a6 Nb4+ 49. Kxd6 Nxa6 50. Nb5 Kf7 51. Kd5 d3 52. Nd6+ Ke7 53. Ne4 Kf7 54. Nd6+ Ke7 55. Ne4 1/2-1/2

[Event "Winnipeg op U1800"]
[Site "Winnipeg CAN"]
[Date "2025.01.05"]
[Round "4.16"]
[White "Villamar, Flyn"]
[Black "Zhang, Nicole"]
[Result "0-1"]
[WhiteElo "1575"]
[BlackElo "1704"]
[WhiteFideId "-1"]
[WhiteFideId "-1"]
[PlyCount "92"]
[GameId "2140241293573519"]
[EventDate "2025.01.03"]
[EventType "swiss"]
[EventRounds "5"]
[EventCountry "CAN"]

1. Nf3 d5 2. g3 Nf6 3. Bg2 e6 4. O-O Bd6 5. d4 h6 6. Nbd2 Nbd7 7. c4 c5 8. e3 O-O 9. b3 b6 10. Bb2 Qc7 11. Rc1 a5 12. a4 Bb7 13. Re1 Rfe8 14. cxd5 Nxd5 15. e4 Nb4 16. Nc4 Rad8 17. Ba3 Ba6 18. Bxb4 axb4 19. dxc5 Nxc5 20. Qc2 Bxc4 21. Qxc4 Qa7 22. Nd4 Qd7 23. e5 Be7 24. Bc6 Qxd4 25. Qxd4 Rxd4 26. Bxe8 Nd3 27. Red1 Nxc1 28. Rxd4 Ne2+ 29. Kf1 Nxd4 30. Ke1 Nf3+ 31. Ke2 Nxe5 32. Bb5 g5 33. h3 Bc5 34. f3 Kf8 35. Ba6 Nc6 36. Bc4 Na5 37. Kd3 Nxc4 38. Kxc4 Bf2 39. g4 Ke7 40. Kd3 Kd6 41. Ke4 Bg3 42. Kd4 Bf4 43. Ke4 Kc5 44. Kd3 Kd5 45. Ke2 Kd4 46. Kd1 Kc3 0-1

[Event "Winnipeg op U1800"]
[Site "Winnipeg CAN"]
[Date "2025.01.05"]
[Round "4.17"]
[White "Klokow, John"]
[Black "Gannon, Keith"]
[Result "1/2-1/2"]
[WhiteElo "1785"]
[BlackElo "1633"]
[WhiteFideId "-1"]
[WhiteFideId "-1"]
[PlyCount "126"]
[GameId "2140241293573520"]
[EventDate "2025.01.03"]
[EventType "swiss"]
[EventRounds "5"]
[EventCountry "CAN"]

1. e4 b6 2. d4 Bb7 3. Bd3 d6 4. Nf3 Nd7 5. O-O Ngf6 6. Re1 e5 7. Nbd2 Be7 8. Nf1 O-O 9. Ng3 Re8 10. Nf5 exd4 11. Nxe7+ Rxe7 12. Nxd4 Bxe4 13. Bxe4 Rxe4 14. Rxe4 Nxe4 15. Qf3 Ndf6 16. Be3 d5 17. Rd1 c5 18. Ne2 Rc8 19. Nf4 d4 20. c3 Ng5 21. Qe2 Qe8 22. cxd4 cxd4 23. Rxd4 Ne6 24. Nxe6 Qxe6 25. Qd1 h6 26. Rd8+ Rxd8 27. Qxd8+ Qe8 28. Qxe8+ Nxe8 29. Kf1 Kf8 30. Ke2 Ke7 31. Kd3 Nd6 32. g4 f5 33. h3 fxg4 34. hxg4 Ke6 35. Bd4 g6 36. Ke2 Nb5 37. Bg7 h5 38. Kf3 hxg4+ 39. Kxg4 a6 40. Kg5 Kf7 41. Be5 Na7 42. Bd4 Nc8 43. Kf4 b5 44. Ke5 Ke7 45. Bc5+ Kf7 46. b4 Ne7 47. Kd6 g5 48. Kc7 Nd5+ 49. Kb7 g4 50. Kxa6 Nc3 51. Bd4 Nxa2 52. Kxb5 Nc1 53. Kc4 Ne2 54. Be3 g3 55. fxg3 Nxg3 56. Kd5 Nf5 57. Bc5 Ke8 58. Kc6 Kd8 59. b5 Ng7 60. b6 Ne6 61. Be3 Kc8 62. Bf2 Nd8+ 63. Kd6 Kb7 1/2-1/2

[Event "Winnipeg op U1800"]
[Site "Winnipeg CAN"]
[Date "2025.01.05"]
[Round "4.18"]
[White "Kuryliw, Adrian"]
[Black "Pacin, Ondrej"]
[Result "1/2-1/2"]
[WhiteElo "1669"]
[BlackElo "1230"]
[WhiteFideId "-1"]
[WhiteFideId "-1"]
[PlyCount "79"]
[GameId "2140241293573521"]
[EventDate "2025.01.03"]
[EventType "swiss"]
[EventRounds "5"]
[EventCountry "CAN"]

1. d4 d5 2. Nc3 c6 3. Bf4 Bg4 4. h3 Bh5 5. g4 Bg6 6. Nf3 h6 7. Qd2 e6 8. a3 Bd6 9. Ne5 Bh7 10. O-O-O Nd7 11. Nxf7 Kxf7 12. Bxd6 Ngf6 13. g5 hxg5 14. Qxg5 Ne4 15. Qf4+ Qf6 16. Nxe4 Qxf4+ 17. Bxf4 Bxe4 18. f3 Bf5 19. Bg5 Nf6 20. h4 Nh7 21. Bg2 Nf6 22. Bxf6 gxf6 23. e4 Bg6 24. Rde1 Rac8 25. f4 a6 26. Bf3 Bh5 27. Bxh5+ Rxh5 28. Reg1 dxe4 29. Kd2 Rch8 30. Ke3 f5 31. Rg5 Rxh4 32. Rxh4 Rxh4 33. Rg2 Rh3+ 34. Ke2 Rh4 35. Ke3 Rh3+ 36. Ke2 Rh7 37. Kf2 Rg7 38. Rh2 Ke7 39. c4 Kd7 40. c5 1/2-1/2

[Event "Winnipeg op U1800"]
[Site "Winnipeg CAN"]
[Date "2025.01.05"]
[Round "4.19"]
[White "Stewart, Michael"]
[Black "Evans, Jason"]
[Result "0-1"]
[WhiteElo "1480"]
[BlackElo "1731"]
[WhiteFideId "-1"]
[WhiteFideId "-1"]
[PlyCount "76"]
[GameId "2140241293573522"]
[EventDate "2025.01.03"]
[EventType "swiss"]
[EventRounds "5"]
[EventCountry "CAN"]

1. d4 d5 2. c4 e6 3. Nc3 Nf6 4. Bg5 Be7 5. cxd5 exd5 6. e3 O-O 7. Nf3 c6 8. Be2 Nbd7 9. O-O Re8 10. h3 h6 11. Bh4 Bd6 12. Qc2 Qc7 13. Bd3 g6 14. a3 Kg7 15. Rfe1 g5 16. Bxg5 hxg5 17. Nxg5 Rh8 18. Bg6 Nf8 19. Nxf7 Nxg6 20. Nxh8 Nxh8 21. f4 Ng6 22. g4 Bd7 23. Qe2 Rh8 24. Kg2 Bxf4 25. exf4 Nxf4+ 26. Kf2 Nxe2 27. Rxe2 Nxg4+ 28. hxg4 Qf4+ 29. Kg1 Qxd4+ 30. Kg2 Qxg4+ 31. Kf2 Rh2+ 32. Ke3 Qg5+ 33. Kd4 Rxe2 34. Nxe2 Qd2+ 35. Kc5 Qxe2 36. b4 Kf7 37. Kd6 Qe6+ 38. Kc7 Qe5+ {White resigns} 0-1

[Event "Winnipeg op U1800"]
[Site "Winnipeg CAN"]
[Date "2025.01.05"]
[Round "4.20"]
[White "Pacin, Aleksander"]
[Black "Towns, Barry"]
[Result "0-1"]
[WhiteElo "1342"]
[BlackElo "1654"]
[WhiteFideId "-1"]
[WhiteFideId "-1"]
[PlyCount "60"]
[GameId "2140241293573523"]
[EventDate "2025.01.03"]
[EventType "swiss"]
[EventRounds "5"]
[EventCountry "CAN"]

1. e4 e5 2. Nf3 Nc6 3. Bc4 Bc5 4. Nc3 Nf6 5. O-O O-O 6. d3 a6 7. Na4 Be7 8. Nc3 h6 9. h3 d6 10. Be3 Re8 11. a3 b5 12. Bd5 Bb7 13. Re1 Bf8 14. b3 Qd7 15. d4 Rad8 16. dxe5 Nxd5 17. Qxd5 Qc8 18. exd6 Ne5 19. Qd1 Rxd6 20. Qe2 Nxf3+ 21. Qxf3 Rf6 22. Qg3 Rg6 23. Qf3 Ree6 24. b4 Ref6 25. Qe2 Qxh3 26. Qf1 Bd6 27. g3 Rxg3+ 28. fxg3 Rxf1+ 29. Rxf1 Qxg3+ 30. Kh1 Qh2# 0-1

[Event "Winnipeg op U1800"]
[Site "Winnipeg CAN"]
[Date "2025.01.05"]
[Round "4.21"]
[White "Balamanage, Dineth"]
[Black "Zhang, Oscar"]
[Result "1-0"]
[WhiteElo "1651"]
[BlackElo "1443"]
[WhiteFideId "-1"]
[WhiteFideId "-1"]
[PlyCount "105"]
[GameId "2140241293573524"]
[EventDate "2025.01.03"]
[EventType "swiss"]
[EventRounds "5"]
[EventCountry "CAN"]

1. d4 Nf6 2. Bf4 g6 3. Nc3 Bg7 4. e4 d6 5. Qd2 O-O 6. h4 Nc6 7. O-O-O Bg4 8. f3 Bd7 9. Bh6 Nh5 10. Bxg7 Nxg7 11. Be2 e5 12. dxe5 Nxe5 13. Bb5 c6 14. Qxd6 cxb5 15. Qxe5 b4 16. Nd5 a5 17. Nf6+ Kh8 18. Nxd7 Re8 19. Qb5 Ra7 20. Qb6 Qxb6 21. Nxb6 a4 22. a3 Ra6 23. Nd5 Rc6 24. Nxb4 Rb6 25. Ne2 Ne6 26. Rd7 Kg7 27. Nc3 Nf8 28. Rd5 Ne6 29. Nxa4 Rxb4 30. axb4 Nf4 31. Rg5 f6 32. Rc5 Re7 33. Nc3 b6 34. Nd5 Nxd5 35. Rxd5 h5 36. c4 Rc7 37. c5 Rf7 38. Rhd1 Re7 39. Kc2 Re6 40. Rd6 Rxd6 41. Rxd6 b5 42. Kd3 f5 43. Kd4 fxe4 44. Kxe4 Kf8 45. Ke5 Ke7 46. c6 g5 47. g3 g4 48. c7 gxf3 49. c8=Q f2 50. Qe6+ Kf8 51. Rd8+ Kg7 52. Rg8+ Kh7 53. Qg6# 1-0

[Event "Winnipeg op U1800"]
[Site "Winnipeg CAN"]
[Date "2025.01.05"]
[Round "4.22"]
[White "Trueman, Francis"]
[Black "Pacin, Stefan"]
[Result "1-0"]
[WhiteElo "1588"]
[BlackElo "1434"]
[WhiteFideId "-1"]
[WhiteFideId "-1"]
[PlyCount "69"]
[GameId "2140241293573525"]
[EventDate "2025.01.03"]
[EventType "swiss"]
[EventRounds "5"]
[EventCountry "CAN"]

1. e4 e5 2. Nf3 Nc6 3. d3 Bc5 4. Nbd2 d6 5. Be2 Nf6 6. O-O h6 7. c3 Bg4 8. a4 a5 9. Re1 O-O 10. Nf1 d5 11. Qc2 d4 12. h4 Qd7 13. N1h2 Bxf3 14. Bxf3 Be7 15. Qe2 Kh7 16. g4 g6 17. Kh1 Rg8 18. g5 Nh5 19. Bxh5 gxh5 20. Qxh5 Rg6 21. Ng4 Rh8 22. Kh2 Qe6 23. f4 exf4 24. Bxf4 Bd6 25. Bxd6 Qxd6+ 26. e5 Qe6 27. Rf1 Ne7 28. Nxh6 Kg7 29. Qf3 Rf8 30. cxd4 Ng8 31. Nf5+ Kh7 32. Qh5+ Nh6 33. Nxh6 Kg7 34. Rf2 Qd5 35. Nf5+ 1-0

[Event "Winnipeg op U1800"]
[Site "Winnipeg CAN"]
[Date "2025.01.05"]
[Round "4.23"]
[White "Odeyemi, Emmanuel"]
[Black "Singh, Arshveer"]
[Result "0-1"]
[WhiteElo "1516"]
[BlackElo "1277"]
[WhiteFideId "-1"]
[WhiteFideId "-1"]
[PlyCount "110"]
[GameId "2140241293573526"]
[EventDate "2025.01.03"]
[EventType "swiss"]
[EventRounds "5"]
[EventCountry "CAN"]

1. d4 e5 2. e3 d6 3. c4 Nf6 4. dxe5 Nfd7 5. exd6 Bxd6 6. Nf3 O-O 7. Be2 Nf6 8. Nc3 Bb4 9. Qb3 Nc6 10. O-O Qe8 11. a3 Bxc3 12. Qxc3 Bg4 13. h3 Bh5 14. Re1 Rd8 15. Qb3 Bxf3 16. Bxf3 Nd4 17. Qxb7 Nc2 18. Bc6 Rb8 19. Qxc7 Rc8 20. Qxa7 Qxc6 21. Bd2 Nxe1 22. Rxe1 Qxc4 23. Bc3 Ra8 24. Qe7 Qe6 25. Bxf6 Qxf6 26. Qxf6 gxf6 27. g3 Rfd8 28. Re2 Kg7 29. Kg2 Rac8 30. b4 Rd3 31. a4 Ra3 32. a5 Rb8 33. Rb2 Ra4 34. b5 Rxa5 35. b6 Rb7 36. Rb4 f5 37. g4 Kf6 38. Kg3 Ke5 39. f4+ Kf6 40. g5+ Kg6 41. h4 Ra6 42. e4 Raxb6 43. exf5+ Kxf5 44. Rc4 Rb3+ 45. Kf2 Rb2+ 46. Ke3 Re7+ 47. Kd3 Rb3+ 48. Kc2 Rh3 49. Rc5+ Kg4 50. f5 Kxh4 51. f6 Re6 52. Rc7 Kxg5 53. Rxf7 Rxf6 54. Rg7+ Kh6 55. Rg4 Rf2+ 0-1

[Event "Winnipeg op U1800"]
[Site "Winnipeg CAN"]
[Date "2025.01.05"]
[Round "4.24"]
[White "Holoborodko, Ihor"]
[Black "Cobb, Kyle"]
[Result "1-0"]
[WhiteElo "1208"]
[BlackElo "1108"]
[WhiteFideId "-1"]
[WhiteFideId "-1"]
[PlyCount "67"]
[GameId "2140241293573527"]
[EventDate "2025.01.03"]
[EventType "swiss"]
[EventRounds "5"]
[EventCountry "CAN"]

1. c4 b6 2. d4 e6 3. Nc3 Bb7 4. a3 f5 5. b4 c5 6. dxc5 bxc5 7. b5 Nf6 8. Bg5 h6 9. Bf4 Be7 10. e3 Qa5 11. Nge2 Ne4 12. Qa4 Qxa4 13. Nxa4 Bf6 14. Rd1 O-O 15. f3 e5 16. fxe4 exf4 17. Nxc5 Bxe4 18. Nxf4 Bh4+ 19. Ke2 Rd8 20. Nxe4 fxe4 21. g3 Bg5 22. Bg2 Re8 23. Rd4 a6 24. Bxe4 Bf6 25. Bxa8 Bxd4 26. e4 d6 27. Bd5+ Kh7 28. a4 axb5 29. axb5 Nd7 30. Ne6 Nf6 31. Nxd4 Nxd5 32. cxd5 Rxe4+ 33. Kd3 Re5 34. Kc4 1-0

[Event "Winnipeg op U1800"]
[Site "Winnipeg CAN"]
[Date "2025.01.05"]
[Round "4.25"]
[White "Iyer, Pia"]
[Black "Hui, Zenas"]
[Result "0-1"]
[WhiteElo "1270"]
[BlackElo "1190"]
[WhiteFideId "-1"]
[WhiteFideId "-1"]
[PlyCount "80"]
[GameId "2140241293573528"]
[EventDate "2025.01.03"]
[EventType "swiss"]
[EventRounds "5"]
[EventCountry "CAN"]

1. d4 Nf6 2. Bf4 b6 3. e3 Bb7 4. Nf3 e6 5. Bd3 c5 6. Nbd2 cxd4 7. exd4 g6 8. O-O Bg7 9. Re1 O-O 10. Bg5 Qc7 11. Nh4 Qc6 12. Ndf3 Qc7 13. Qd2 Ng4 14. Qf4 Qxf4 15. Bxf4 Nf6 16. Bxb8 Raxb8 17. Ne5 Rbc8 18. Nc4 Ne8 19. Re3 Bxd4 20. Rh3 Bg7 21. Nf3 h6 22. Nce5 Nf6 23. Nc4 Kh7 24. Nd6 Rc7 25. Ng5+ Kg8 26. Nf3 Bd5 27. Nb5 Rb7 28. Nd6 Rbb8 29. Ne5 a5 30. Rf3 Bxf3 31. Nxf3 Nd5 32. Bb5 Rfd8 33. Nc4 Rbc8 34. c3 Rc5 35. Ba4 Rxc4 36. b3 Rxc3 37. Nd4 Bxd4 38. Rd1 Nb4 39. Rxd4 Rc1+ 40. Rd1 Rxd1# 0-1

[Event "Winnipeg op U1800"]
[Site "Winnipeg CAN"]
[Date "2025.01.05"]
[Round "5.10"]
[White "Minano, John"]
[Black "Hui, Zelus"]
[Result "1/2-1/2"]
[WhiteElo "1633"]
[BlackElo "1662"]
[WhiteFideId "-1"]
[WhiteFideId "-1"]
[PlyCount "64"]
[GameId "2140241293573529"]
[EventDate "2025.01.03"]
[EventType "swiss"]
[EventRounds "5"]
[EventCountry "CAN"]

1. Nf3 e6 2. e4 d5 3. e5 c5 4. g3 Nc6 5. c3 Qb6 6. Bg2 Nge7 7. O-O Ng6 8. Re1 Be7 9. h4 h6 10. d3 Bd8 11. Nbd2 Bc7 12. d4 cxd4 13. cxd4 Nxd4 14. Qa4+ Nc6 15. h5 Nge7 16. Qg4 O-O 17. Nb3 Qb4 18. Qh3 Nf5 19. Bd2 Qb6 20. g4 Nfd4 21. Nfxd4 Nxd4 22. Be3 Bxe5 23. Rad1 Qb4 24. Bxd4 Bxd4 25. Nxd4 Qxb2 26. Qg3 Qb6 27. g5 hxg5 28. Qxg5 Qd8 29. Qg3 Qf6 30. Re5 Bd7 31. Bf3 b5 32. Kg2 a5 1/2-1/2

[Event "Winnipeg op U1800"]
[Site "Winnipeg CAN"]
[Date "2025.01.05"]
[Round "5.11"]
[White "Li, Yuchen"]
[Black "Rosenstock, Samuel"]
[Result "1-0"]
[WhiteElo "1729"]
[BlackElo "1791"]
[WhiteFideId "-1"]
[WhiteFideId "-1"]
[PlyCount "48"]
[GameId "2140241293573530"]
[EventDate "2025.01.03"]
[EventType "swiss"]
[EventRounds "5"]
[EventCountry "CAN"]

1. e4 c6 2. d4 d5 3. Nc3 dxe4 4. Nxe4 Bf5 5. Ng3 Bg6 6. h3 h6 7. Nf3 Nd7 8. Bd3 Bxd3 9. Qxd3 e6 10. Bf4 Qa5+ 11. c3 Ngf6 12. O-O Be7 13. Ne5 Nd5 14. Nxd7 Nxf4 15. Qf3 Nxg2 16. Ne5 O-O 17. Kxg2 Bd6 18. Nc4 Qc7 19. Nxd6 Qxd6 20. Ne4 Qc7 21. Qg3 Qe7 22. Kh2 Rad8 23. Rg1 g6 24. Qf4 Rd5 1-0

[Event "Winnipeg op U1800"]
[Site "Winnipeg CAN"]
[Date "2025.01.05"]
[Round "5.12"]
[White "Zhang, Nicole"]
[Black "Samson, Larry"]
[Result "1-0"]
[WhiteElo "1704"]
[BlackElo "1787"]
[WhiteFideId "-1"]
[WhiteFideId "-1"]
[PlyCount "85"]
[GameId "2140241293573531"]
[EventDate "2025.01.03"]
[EventType "swiss"]
[EventRounds "5"]
[EventCountry "CAN"]

1. e4 c5 2. Nf3 d6 3. d4 cxd4 4. Nxd4 Nf6 5. Nc3 a6 6. Bc4 e6 7. O-O Be7 8. Bb3 O-O 9. Re1 Qc7 10. Be3 Nc6 11. h3 Na5 12. Qf3 Nc4 13. Bxc4 Qxc4 14. Rad1 Qc7 15. Nde2 b5 16. a3 Bb7 17. Ng3 Rac8 18. Nh5 Nxh5 19. Qxh5 Bf6 20. Rd3 Rfd8 21. Rc1 g6 22. Qg4 Qe7 23. Bb6 Rd7 24. Ba5 h5 25. Qe2 Rc4 26. Rcd1 Bxc3 27. Bxc3 Rxe4 28. Qd2 d5 29. Rg3 d4 30. Bb4 Qf6 31. Qh6 Qg7 32. Qg5 Re5 33. Qf4 Rf5 34. Qb8+ Kh7 35. c3 e5 36. Qe8 f6 37. cxd4 exd4 38. Re1 Re5 39. Rxe5 fxe5 40. Rg5 e4 41. Re5 d3 42. Bc3 Qf7 43. Re7 1-0